U.S. States With the Highest Percentage of Spanish Speakers - Statistics

General Stats
  • This quiz has been taken 54 times
  • The average score is 9 of 10
Answer Stats
% of Speakers State % Correct
27.00% Texas
100%
25.80% California
98%
19.51% Arizona
96%
16.46% Florida
96%
28.74% New Mexico
96%
13.61% New York
89%
12.32% New Jersey
85%
16.18% Nevada
80%
10.53% Colorado
78%
10.86% Illinois
76%
No matching quizzes found
Score Distribution
Percent of People with Each Score
Percentile by Number Answered
Your Score History
You have not taken this quiz